| 000 | 00562nam a22001697a 4500 | ||
|---|---|---|---|
| 020 | _qHard Cover | ||
| 082 | _aMS-IT-9 | ||
| 100 | _aMadiha Wahid | ||
| 245 |
_aAnalysis of Throughput Distribution in IEEE 802-16 Distributed Scheduling / _cMadiha Wahid |
||
| 260 |
_aIslamabad _bSEECS-NUST _c2012 |
||
| 300 |
_a41 p. _c30cm. |
||
| 650 |
_aMS Information Technology _926924 |
||
| 700 |
_aDr. Amjum Naveed. _955418 |
||
| 856 | _uhttp://10.250.8.41:8080/xmlui/handle/123456789/10202 | ||
| 942 |
_2ddc _cTHE |
||
| 999 |
_c566272 _d566272 |
||